New library world
| New Title: | Information and learning science |
|---|---|
| Previous Title: | Library world (London, England : 1907) Asian libraries (Online) Librarians' world (Bradford, West Yorkshire, England) |
| Format: | Electronic Journal |
| Language: | English |
| Published: |
London :
Clive Bingley (Journals) Ltd.,
-[2016]
Bradford, West Yorkshite England : MCB University Press [Bingley, United Kongdom] : Emerald Group Publishing Limited |
| Subjects: | |
| Online Access: | Full text available from Research Library: 01/01/1993 to 12/31/2016 |
MARC
| LEADER | 00000nas a2200000 a 4500 | ||
|---|---|---|---|
| 001 | ssj0007805 | ||
| 003 | WaSeSS | ||
| 005 | 20200512172242.0 | ||
| 006 | m d | ||
| 007 | cr n | ||
| 008 | 990421d19712016enkmx pss o 0 a0eng c | ||
| 010 | |a 2002238795 | ||
| 015 | |a GBB3B1980 |2 bnb | ||
| 016 | 7 | |a 012434556 |2 Uk | |
| 022 | |a 1758-6909 |l 0307-4803 |y 0307-4803 | ||
| 035 | |a (WaSeSS)ssj0007805 | ||
| 037 | |b MCB University Press Limited, 60/62 Toller Lane, Bradford, West Yorkshire, England BD8 9BY | ||
| 037 | |b Emerald Publishing Limited, Howard House, Wagon Lane, Bingley BD16 1WA, United Kingdom | ||
| 040 | |a F#A |b eng |c F#A |d EYM |d OCLCQ |d IUL |d OCLCQ |d CLU |d OCLCQ |d OCLCS |d OCL |d GUA |d OCLCQ |d OCLCO |d OCLCQ |d OCLCF |d BEDGE |d OCLCO |d OCLCQ |d OCLCE |d CEF |d UKMGB |d OCLCO |d OCLCQ |d VT2 |d OCLCQ |e pn |d DLC |d ZAC |d TXA |d U3W |d DLC |d CTX |d NLE |d AUD |d WaSeSS | ||
| 042 | |a pcc |a dlr | ||
| 043 | |a e-uk--- | ||
| 050 | 0 | 0 | |a Z671 |b .L72 |
| 050 | 1 | 4 | |a Z671 |
| 082 | 0 | 4 | |a 020 |
| 130 | 0 | |a New library world (Online) | |
| 210 | 0 | |a New libr. world |b (Online) | |
| 222 | 0 | |a New library world |b (Online) | |
| 245 | 1 | 0 | |a New library world |h [electronic resource]. |
| 246 | 1 | |a NLW | |
| 260 | |3 <Vol. 73, no. 863-> : |a London : |b Clive Bingley (Journals) Ltd., |c -[2016] | ||
| 260 | 2 | |3 <Vol. 90, no. 1063>- Vol. 104, no. 1193: |a Bradford, West Yorkshite England : |b MCB University Press | |
| 260 | 3 | |3 Vol. 104, no. 1194/1195- : |a [Bingley, United Kongdom] : |b Emerald Group Publishing Limited | |
| 310 | |a 12 no. a year, |b 2001- | ||
| 321 | |a Twelve no. a year, |b <1973>-1991 | ||
| 321 | |a 6 no. a year, |b 1992-1993 | ||
| 321 | |a 7 no. a year, |b 1994-2000 | ||
| 362 | 1 | |a Print began with: Vol. 73, No. 853 (July 1971); ceased with: Vol. 107, No. 1230/1231 (2006); New numbering began with: Vol. 108, No. 1/2 (2007); ceased with: Vol. 117, No. 11/12 (2016). | |
| 506 | |a License restrictions may limit access. | ||
| 515 | |a Some numbers issued in combined form. | ||
| 538 | |a Master and use copy. Digital master created according to Benchmark for Faithful Digital Reproductions of Monographs and Serials, Version 1. Digital Library Federation, December 2002. |u http://purl.oclc.org/DLF/benchrepro0212 |5 MiAaHDL | ||
| 538 | |a Mode of access: World Wide Web. | ||
| 583 | 1 | |a digitized |c 2010 |h HathiTrust Digital Library |l committed to preserve |2 pda |5 MiAaHDL | |
| 588 | |a Description based on: Vol. 73, number 863 (May 1972); title from PDF table of contents (Emerald, viewed September 4, 2017). | ||
| 588 | |a Latest issue consulted: Vol. 117, No. 11/12 (2016) (Emerald, viewed Mar. 2, 2017). | ||
| 650 | 0 | |a Library science |v Periodicals. | |
| 650 | 0 | |a Libraries |z Great Britain |v Periodicals. | |
| 650 | 7 | |a Publications périodiques. |2 eclas | |
| 650 | 7 | |a Bibliothéconomie. |2 eclas | |
| 650 | 7 | |a Sources d'information. |2 eclas | |
| 650 | 7 | |a Libraries. |2 fast |0 (OCoLC)fst00997341 | |
| 650 | 7 | |a Library science. |2 fast |0 (OCoLC)fst00997916 | |
| 650 | 1 | 7 | |a Bibliotheekwezen. |2 gtt |
| 651 | 7 | |a Great Britain. |2 fast |0 (OCoLC)fst01204623 | |
| 655 | 0 | |a Electronic journals. | |
| 776 | 0 | 8 | |i Print version: |t New library world |x 0307-4803 |w (DLC) 76616790 |w (OCoLC)1759883 |
| 780 | 0 | 0 | |t Library world (London, England : 1907) |w (OCoLC)692971513 |
| 780 | 0 | 5 | |t Asian libraries (Online) |x 2054-5541 |w (DLC) 2002238796 |w (OCoLC)48889874 |
| 780 | 0 | 5 | |t Librarians' world (Bradford, West Yorkshire, England) |w (OCoLC)608565694 |
| 785 | 0 | 0 | |t Information and learning science |x 2398-5348 |w (OCoLC)974039249 |
| 850 | |a DLC | ||
| 853 | 2 | 0 | |8 1 |a v. |b no. |u 12 |v r |i (year) |w 12 |
| 856 | 4 | 0 | |z Full text available from Research Library: 01/01/1993 to 12/31/2016 |u https://search.proquest.com/publication/49204 |
| 863 | 4 | 1 | |8 1.1 |a 102 |b 3 |i 2001 |